Peces de las aguas continentales de Costa Rica = Freswater fishes of Costa Rica (Registro nro. 3403)
[ vista simple ]
| 000 -Cabecera | |
|---|---|
| Campo de control de longitud fija | 00776aam a2200289 4500 |
| 005 - Fecha y hora de la última transacción | |
| Campo de control | 20240805190024.0 |
| 008 - Elementos de longitud fija--Información general | |
| Campo de control de longitud fija | 150226b2015 cr ||||| |||| 00| 0 spa d |
| 020 ## - International Standard Book Number | |
| Número Internacional Estándar del Libro (ISBN) | 9789977674896 |
| 041 ## - Idioma | |
| Código de idioma | Español |
| 041 ## - Idioma | |
| Código de idioma | Inglés |
| 082 ## - Clasificación Decimal Dewey | |
| Número de clasificación | 597 B981pe2 |
| 100 ## - Entrada principal--Autor personal | |
| Nombre personal | Bussing, William Albert |
| 9 (RLIN) | 29018 |
| 245 ## - Título propiamente dicho | |
| Título | Peces de las aguas continentales de Costa Rica = Freswater fishes of Costa Rica |
| 250 ## - Edición | |
| Mención de edición | 2 edición |
| 260 ## - Pie de imprenta | |
| Lugar de publicación, distribución, etc. | Costa Rica |
| 260 ## - Pie de imprenta | |
| Nombre del editor, distribuidor, etc. | EUCR |
| 260 ## - Pie de imprenta | |
| Fecha de publicación, distribución, etc. | 2002 |
| 300 ## - Descripción física | |
| Extensión | 504 páginas |
| 500 ## - Nota general | |
| Nota general | TEXTO EN ESPAÑOL E INGLÉS <br/>Reimpresión 2015 |
| 505 ## - Nota de contenido | |
| Nota de contenido | Incluye ilustraciones |
| 650 ## - Materia general | |
| Temática (materia general) | PECES |
| 650 ## - Materia general | |
| Temática (materia general) | AMBIENTES ACUÁTICOS |
| 650 ## - Materia general | |
| Temática (materia general) | TIBURONES |
| 650 ## - Materia general | |
| Temática (materia general) | FAMILIAS DE PECES |
| 650 ## - Materia general | |
| Temática (materia general) | COSTA RICA |
| 942 ## - Punto de acceso adicional KOHA | |
| Tipo de ítem KOHA | Libro |
| Fuente del sistema de clasificación o colocación | Dewey Decimal Classification |
| Signatura completa | Código de barras | Tipo de ítem |
|---|---|---|
| 597.097.286 B981p2 | 12476 | Libro |
| 597 B981pe2 | 21744 | Libro |